000 00983nam a2200265Ia 4500
003 OSt
005 20221005111744.0
006 a|||||r|||| 00| 0
007 ta
008 221004b |||||||| |||| 00| 0 hin d
020 _c75
024 _a86983
037 _b156, 28/03/2007, Swaraj Book Distributor
_cTextual
040 _aCRL
_cCRL
_bhin
041 _2hin
_ahin
082 _aO152,3N25:g, P3
100 _aसारसर, शारदा
245 0 _aकृष्णा सोबती के उपन्यास और ऐ लड़की
246 _aKṛuṣhṇā sobatī ke upanyās aur ai laड़kī
260 _aमुंबई
_bपरिदृश्य प्रकाशन भारत
_c2003
300 _a96पृ0
_ccm.
650 _aहिन्दी साहित्य
942 _hO152,3N25:g, P3
_cTEXL
_2cc
999 _c1022788
_d1022788